The consumer protection law and rights of consumers (Record no. 407324)

000 -LEADER
fixed length control field 00490cam a22001457a 4500
008 - FIXED-LENGTH DATA ELEMENTS--GENERAL INFORMATION
fixed length control field 180718b2002 xxu||||| |||| 00| 0 eng d
082 ## - DEWEY DECIMAL CLASSIFICATION NUMBER
Classification number T344x54 K527
245 ## - TITLE STATEMENT
Title The consumer protection law and rights of consumers
Statement of responsibility, etc. edited by Santosh Khanna
260 ## - PUBLICATION, DISTRIBUTION, ETC.
Place of publication, distribution, etc. Delhi
Name of publisher, distributor, etc. Vidhi Bharati Parishad
Date of publication, distribution, etc. 2002
300 ## - PHYSICAL DESCRIPTION
Extent 147p.
650 ## - SUBJECT ADDED ENTRY--TOPICAL TERM
Topical term or geographic name entry element Telematics --Law and legislation.
650 ## - SUBJECT ADDED ENTRY--TOPICAL TERM
Topical term or geographic name entry element Information society
650 ## - SUBJECT ADDED ENTRY--TOPICAL TERM
Topical term or geographic name entry element Consumer protection --Law and legislation --India
700 ## - ADDED ENTRY--PERSONAL NAME
Personal name Khanna, Santosh
Holdings
Withdrawn status Lost status Damaged status Not for loan Permanent Location Current Location Date acquired Full call number Barcode Date last seen Price effective from Koha item type
        Indian Institute of Public Administration Indian Institute of Public Administration 2008-02-07 T344x54 K527 82371 2018-07-21 2018-07-21 Book

Powered by Koha